• 首页
  • 本馆介绍
  • 公告通知
  • 最新文献
  • 馆藏检索
  • 电子资源
  • 读者导购
  • 参考咨询
  • 我的图书馆
  • 登录
  • 详细信息显示
  • 放入我的书架
  • 预约/预借图书
  • 作者相关作品
  • 分类相关作品
  • 丛书相关作品
  • 出版社相关作品

书目信息

  • 表格格式
  • 工作单格式
  • 卡片格式
题名:
校园文化活动手册
    
 
作者: ;上海音乐出版社 编
分册:  
出版信息: 上海   上海音乐出版社  1997
页数: 306页
开本: 20cm
丛书名:
单 册:
中图分类: G424.28
科图分类:
主题词: 学校--文化活动--手册
电子资源:
ISBN: 7-80553-626-0
000 00598nam0 2200193 45
001 0309221055
005 20031219104115.9
010    @a7-80553-626-0@dCNY14.00
100    @a20030922d1997 km y0chiy0120 ea
101 0  @achi
105    @aa z 000yy
200 1  @a校园文化活动手册@AXiao Yuan Wen Hua Huo Dong Shou Ce@f上海音乐出版社编@FShang Hai Yin Yue Chu Ban She Bian
210    @a上海@c上海音乐出版社@d1997
215    @a306页@c插图@d20cm
606 0  @a学校@x文化活动@x手册
690    @aG424.28@v4
711 02 @a上海音乐出版社@4编
801    @aCN@bTSTC@c20030922
905    @b326006-010@dG424.28@e92@f5
    
    校园文化活动手册/上海音乐出版社编.-上海:上海音乐出版社,1997
    306页:插图;20cm
    
    
    ISBN 7-80553-626-0:CNY14.00
    
●
相关链接 在E读中查询图书 在五车中查询图书 在当当中查询图书 在豆瓣中查询图书


正题名:校园文化活动手册     索取号:G424.28/92         预约/预借

序号 登录号 条形码 馆藏地/架位号 状态 备注
1 0326006   203260069   第四借阅区/ [索取号:G424.28/92] 在馆    
2 0326007   203260078   第四借阅区/ [索取号:G424.28/92] 在馆    
3 0326008   203260087   第四借阅区/ [索取号:G424.28/92] 在馆    
4 0326009   203260096   第四借阅区/ [索取号:G424.28/92] 在馆    
5 0326010   203260103   第一样本阅览室/ [索取号:G424.28/92] 在馆    
唐山师范学院图书馆 欢迎您!
大连网信软件有限公司© 版权所有